Catálogo
 En Linea

Quand un roi perd la France : (Registro nro. 18648)

Detalles MARC
000 -CABECERA
campo de control de longitud fija 00697cam a2200229 i 4500
001 - NÚMERO DE CONTROL
campo de control 000019130
005 - FECHA Y HORA DE LA ÚLTIMA TRANSACCIÓN
campo de control 20200929165930.0
008 - DATOS DE LONGITUD FIJA--INFORMACIÓN GENERAL
campo de control de longitud fija 770922s1977 fr 000 1 fre
010 ## - NÚMERO DE CONTROL DE LA BIBLIOTECA DEL CONGRESO
Número de control de LC 77477039
015 ## - NÚMERO DE BIBLIOGRAFÍA NACIONAL
Número de bibliografía nacional F***
020 ## - NÚMERO INTERNACIONAL ESTÁNDAR DEL LIBRO
Número Internacional Estándar del Libro 2259001998 :
Condiciones de disponibilidad 40.00F
040 ## - FUENTE DE LA CATALOGACIÓN
Centro catalogador/agencia de origen DO-SdBNP
Centro/agencia transcriptor DLC
Centro/agencia modificador DLC
050 00 - SIGNATURA TOPOGRÁFICA DE LA BIBLIOTECA DEL CONGRESO
Número de clasificación PQ2607.R75
Número de documento/Ítem Q34
082 00 - NÚMERO DE LA CLASIFICACIÓN DECIMAL DEWEY
Número de clasificación 843/.9/14
100 1# - ENTRADA PRINCIPAL--NOMBRE DE PERSONA
Nombre de persona Druon, Maurice,
Fechas asociadas al nombre 1918-2009.
9 (RLIN) 41154
245 10 - MENCIÓN DE TÍTULO
Título Quand un roi perd la France :
Resto del título roman historique /
Mención de responsabilidad, etc. Maurice Druon.
260 ## - PUBLICACIÓN, DISTRIBUCIÓN, ETC.
Lugar de publicación, distribución, etc. [Paris] :
Nombre del editor, distribuidor, etc. Plon,
Fecha de publicación, distribución, etc. 1977.
300 ## - DESCRIPCIÓN FÍSICA
Extensión 337 p. ;
Dimensiones 20 cm.
490 0# - MENCIÓN DE SERIE
Mención de serie His Les rois maudits ; 7
600 00 - PUNTO DE ACCESO ADICIONAL DE MATERIA--NOMBRE DE PERSONA
Nombre de persona Jean
Numeración II,
Títulos y otros términos asociados al nombre King of France,
Fechas asociadas al nombre 1319-1364
Subdivisión general Fiction.
9 (RLIN) 41155
910 ## - DATOS DE OPCIÓN DEL USUARIO (OCLC)
Datos de opción del usuario Catalogación derivada / LC
Existencias
Estado de retiro Estado de pérdida Restricciones de uso No para préstamo Código de colección Localización permanente Ubicación/localización actual Ubicación en estantería Fecha de adquisición Número de inventario Total de préstamos Signatura topográfica completa Código de barras Fecha visto por última vez Precio válido a partir de Tipo de ítem Koha
      Excluido de préstamo Monografías: Libros y Folletos General General En catalogación 26.05.2010 LF1   843/.9/14 19130-10 25.06.2020 25.06.2020 No se presta

Con tecnología Koha